|
|
|
|
| LEADER |
01536nas a22003372a 4500 |
| 001 |
000407986 |
| 003 |
CZ BrMZK |
| 005 |
20120924145030.0 |
| 008 |
990305d19581960xr cze d |
| 040 |
|
|
|a BOA001
|b cze
|
| 080 |
|
|
|a 943.717.1(05)
|2 MRF
|
| 080 |
|
|
|a 943.717(05)
|2 MRF
|
| 245 |
0 |
0 |
|a Minulostí Plzně a Plzeňska
|
| 250 |
|
|
|a Vyd. 1.
|
| 260 |
|
|
|a Plzeň :
|b Krajské nakladatelství v Plzni,
|c 1958-1960
|
| 300 |
|
|
|a ^^^sv. ;
|c 23 cm
|
| 310 |
|
|
|a 1× ročně
|
| 500 |
|
|
|a Vydav. v r. 1958: Místní odbor Společnosti přátel starožitností čs. v Plzni. - Vydav. od sv. 2 (1959): Městský archiv v Plzni
|
| 653 |
0 |
|
|a Plzeň (Česko)
|a Plzeňsko (Česko)
|a západní Čechy (Česko)
|
| 700 |
1 |
|
|a Wirth, Zdeněk,
|d 1878-1961
|7 jk01151729
|
| 785 |
0 |
2 |
|t Minulostí Západočeského kraje
|
| 710 |
2 |
|
|a Společnost přátel starožitností československých.
|b Místní odbor (Plzeň)
|
| 710 |
2 |
|
|a Archiv města Plzně
|7 ko2002102852
|
| 910 |
|
|
|a BOA001
|b 03227-0508.230
|r 1958-60
|s 1-3
|
| 964 |
|
|
|a Plzeňsko
|x dějiny
|x časopisy
|
| 964 |
|
|
|a Čechy západní
|x dějiny
|x časopisy
|
| 964 |
|
|
|a Plzeň
|x dějiny
|x časopisy
|
| 990 |
|
|
|a SE
|
| 996 |
6 |
|
|b 2619801396
|c 03227-0508.230
|d 1960 3
|v 3
|y 1960
|l MZK
|r Sklad / do 1 hodiny
|n 16
|w 000407986
|u 000030
|a 1
|e BOA001
|j MZK50
|s P
|
| 996 |
6 |
|
|b 2619801397
|c 03227-0508.230
|d 1959 2
|v 2
|y 1959
|l MZK
|r Sklad / do 1 hodiny
|n 12
|w 000407986
|u 000020
|a 1
|e BOA001
|j MZK50
|s P
|
| 996 |
6 |
|
|b 2619801398
|c 03227-0508.230
|d 1958 1
|v 1
|y 1958
|l MZK
|r Sklad / do 1 hodiny
|n 6
|w 000407986
|u 000010
|a 1
|e BOA001
|j MZK50
|s P
|